| 000 | 01483nam a2200265Ia 4500 | ||
|---|---|---|---|
| 003 | OSt | ||
| 005 | 20210804110615.0 | ||
| 008 | 210310s2002 mx ad fr 000 0 spa d | ||
| 020 | _a9686154817 | ||
| 040 |
_aCO-JMCR _cCO-JMCR |
||
| 041 | 0 | _aspa | |
| 082 | 0 | 4 |
_a332.17809861 / _bC397s _223 |
| 110 | 2 |
_aCentro de Estudios Monetarios Latinoamericanos _98930 |
|
| 245 | 1 | 0 |
_aSistemas de compensación y liquidación de pagos y valores en Colombia / _cCentro de Estudios Monetarios Latinoamericanos y Banco Mundial |
| 250 | _aPrimera edición | ||
| 260 |
_aDurango : _bCentro de Estudios Monetarios Latinoamericanos, _c2002 |
||
| 300 |
_aviii, 140 páginas : _bilustraciones y gráficas a blanco y negro ; _c28 cm. |
||
| 500 | _aIncluye notas a pie de página y glosario. | ||
| 505 | 0 | _aContexto económico y del mercado financiero -- Aspectos institucionales -- Medios de pago utilizados por entidades no financieras -- Pagos: mecanismos de intercambio y liquidación de las operaciones interbancarias -- Valores, estructura de mercado y negociación -- Compensación y liquidación de valores de gobierno y del sector privado -- El papel del banco central en los sistemas de compensación y liquidación -- Supervisión de los sistemas de compensación y liquidación de valores | |
| 650 | 1 | 4 |
_aSistemas de pago _916782 _zColombia |
| 650 | 2 | 4 |
_aSistema financiero _zColombia _99003 |
| 650 | 2 | 4 |
_aMedios de pago _zColombia _939040 |
| 710 | 1 |
_aBanco Mundial _95980 |
|
| 942 |
_2ddc _cBK |
||
| 999 |
_c8261 _d8261 |
||